Normal view
MARC view
- Aho , Alfred V. , Sethi , Ravi , Ullman , Jeffrey
Entry Personal Name
001 - CONTROL NUMBER
- control field: 819
003 - CONTROL NUMBER IDENTIFIER
- control field: JO-AjAnu
005 - DATE AND TIME OF LATEST TRANSACTION
- control field: 20230606070435.0
008 - FIXED-LENGTH DATA ELEMENTS
- fixed length control field: 230606|| aca||aabn | a|a d
040 ## - CATALOGING SOURCE
- Original cataloging agency: JO-AjAnu
- Transcribing agency: JO-AjAnu
100 ## - HEADING--PERSONAL NAME
- Personal name: Aho , Alfred V. , Sethi , Ravi , Ullman , Jeffrey
670 ## - SOURCE DATA FOUND
- Source citation: Work cat.: (JO-AjAnu)431: Aho , Alfred V. , Sethi , Ravi , Ullman , Jeffrey, author, Compilers : principles , techniques , andtools